| 000 | 00554nam a2200217 4500 | ||
|---|---|---|---|
| 003 | IIN | ||
| 005 | 20250722115339.0 | ||
| 008 | 250722s2023 |||ad||| |||| 001 0 eng d | ||
| 020 |
_a9789390595594 _c1495.00 |
||
| 040 | _aIIN | ||
| 082 |
_a610.73 _bPAD |
||
| 100 | _aPadmaja, A | ||
| 245 |
_aTextbook of Child Health Nursing _cA Padmaja |
||
| 250 | _a2nd ed. | ||
| 260 |
_aNew Delhi _bJaypee _c2023 |
||
| 300 |
_axxvii, 718 p. _bcol. ill. |
||
| 500 | _aIncludes Index | ||
| 500 | _aIncludes 3 Plates | ||
| 650 |
_aChild Health _vNursing |
||
| 942 | _cBOOK | ||
| 999 |
_c1863 _d1863 |
||